000 00775nam a22002177a 4500
999 _c10269
_d10269
003 AR-CdUCM
008 190329b ||||| |||| 00| 0 spa d
040 _aMUNICIPALIDAD PROVINCIAL DEL CUSCO
_cBIBLIOTECA MUNICIPAL DEL CUSCO
082 _aC / 869.56 /
_bA65
100 _aAragón Claros, Mario N.
_927031
245 _aTres recopilaciones y un arreglo para teatro /
260 _aYauri-Espinar :
_bGarcilaso,
_c1 955.
300 _a24 páginas ;
_c19 cm.
505 _aContenido: El desertor -- Los apuros de un ordenanza -- La venganza del muerto -- Cada cual en su trabajo.
650 _aTeatro
_9443
650 _aYauri-Sicuani-cusco
_927032
650 _aTeatro cusqueño
_913217
650 _aSiglo XX
_98
942 _2ddc
_cLIBROS
945 _apjha
_d2019-05-14